000 00743nam a22002177a 4500
003 OSt
005 20230928084724.0
008 221006b |||||||| |||| 00| 0 eng d
040 _cBiblioteca Lado V
082 _a751.426
_bM986i
110 _91109
_aMuseo Municipal de Bellas Artes Juan Manuel Blanes
_eautor
245 _aInvernizzi/
260 _bCoca Cola
_bVinos Ubical
_c1993
_aMontevideo, Uruguay
300 _c20x20cm
_a20p.
366 _espa
650 _2Tesauro de Arte & Arquitectura
_aARTE
_9703
650 _2Tesauro de Arte & Arquitectura
_aPINTURA
_9702
650 _2Tesauro de Arte & Arquitectura
_aDIBUJO
_9702
650 _2Tesauro de Arte & Arquitectura
_aÓLEO
942 _2ddc
_c1
_h751.426
_iM986i
_n0
999 _c4400
_d4400